¿Cómo lograr que los estudiantes produzcan y comprendan textos? : (Record no. 23333)

000 -CABECERA
fixed length control field 01317nam a22002777i 4500
003 - IDENTIFICADOR DEL NÚMERO DE CONTROL
control field AR-CdUCM
008 - DATOS DE LONGITUD FIJA--INFORMACIÓN GENERAL
fixed length control field 250722b20172017 pe||||| |||| 00| 0 spa d
020 ## - NÚMERO INTERNACIONAL ESTÁNDAR DEL LIBRO
ISBN 978-612-00-2800-1
040 ## - FUENTE DE LA CATALOGACIÓN
Agencia/entidad que catalogó originalmente la obra MUNICIPALIDAD PROVINCIAL DEL CUSCO
Entidad que transcribió la catalogación BIBLIOTECA MUNICIPAL DEL CUSCO
082 ## - NÚMERO DE LA CLASIFICACIÓN DECIMAL DEWEY
No. de Clasificación 372.47 / P45
Notacion interna P45
100 ## - ENTRADA PRINCIPAL--NOMBRE DE PERSONA
Nombre Personal Pérez Candia, Elías - Angelino Soria, Gleny
245 ## - MENCIÓN DE TÍTULO
Título ¿Cómo lograr que los estudiantes produzcan y comprendan textos? :
Resto del título Progresión de desempeños a demostrar y rúbricas /
260 ## - PUBLICACIÓN, DISTRIBUCIÓN, ETC.
Lugar de publicación, distribución, etc. San Sebastián-Cusco :
Nombre de la editorial, distribuidor, etc. Autor-Editor
Fecha de publicación, distribución, etc. 2017
300 ## - DESCRIPCIÓN FÍSICA
Nº de Páginas Extensión 163 páginas. :
Otros detalles físicos Ilustraciones
Dimensiones 24x17 cm.
500 ## - NOTA GENERAL
Bibliografía página 163
505 ## - NOTA DE CONTENIDO CON FORMATO
Nota de contenido formateada La educación y el desarrollo de capacidades -- Los indicadores, criterios y rubrica, ejes de la propuesta para desarrollar capacidades -- Requisitos mínimos para la producción de cualquier tipo de texto -- Producción de textos narrativos -- Producción de textos instructivos -- Textos descriptivos -- Comprensión de textos narrativos
650 ## - PUNTO DE ACCESO ADICIONAL DE MATERIA--TÉRMINO DE MATERIA
Descriptor Textos narrativos
9 (RLIN) 51271
650 ## - PUNTO DE ACCESO ADICIONAL DE MATERIA--TÉRMINO DE MATERIA
Descriptor Guiones
9 (RLIN) 35009
650 ## - PUNTO DE ACCESO ADICIONAL DE MATERIA--TÉRMINO DE MATERIA
Descriptor Textos descriptivos
9 (RLIN) 51272
650 ## - PUNTO DE ACCESO ADICIONAL DE MATERIA--TÉRMINO DE MATERIA
Descriptor Textos disfuncionales
9 (RLIN) 51273
650 ## - PUNTO DE ACCESO ADICIONAL DE MATERIA--TÉRMINO DE MATERIA
Descriptor Textos discontinuos
9 (RLIN) 51274
650 ## - PUNTO DE ACCESO ADICIONAL DE MATERIA--TÉRMINO DE MATERIA
Descriptor Textos informativos
9 (RLIN) 51275
942 ## - ELEMENTOS DE PUNTO DE ACCESO ADICIONAL (KOHA)
Fuente de clasificación
Tipo de item Libros-BMC
945 ## - PROCESAMIENTO DE INFORMACIÓN LOCAL (OCLC)
Catalogador pbjr
AAAA-MM-DD - Fecha de ingreso o modificacion 22-07-20025
Holdings
Estado de retiro (separado) Fuente de clasificación o esquema de estanterías Estado dañado Ubicación Sala donde se ubica Nombre de la colección Fecha de adquisición o compra Fuente de adquisición Costo, precio normal en soles Signatura topográfica Código de Barras Última vez visto (Koha) Tipo de ítem (Koha)
No     Sala Humanidades Sala Humanidades Book Cart 2025-07-22 Donación 15.00 372.47 / P45 SH0000016943 2025-07-22 Libros-BMC

Powered by Koha